Cacería, comunidades negras santa cecilia: (Registro nro. 951)

Detalles MARC
000 -CABECERA
Campo de control 01259nam a2200361 a 4500
005 - FECHA Y HORA DE LA ULTIMA TRANSACCION
Campo de control 20151217083316.0
008 - ELEMENTOS DE LONGITUD FIJA—INFORMACION GENERAL
Campo de control 140224b1997 ck ||||| |||| 00| 0 spa d
040 ## - FUENTE DE CATALOGACIÓN
Agencia catalogadora original CO-BoIAVH
Agencia transcriptora CO-BoIAVH
041 ## - IDIOMA
Código de idioma para texto/pista de sonido o título separado Español
044 ## - PAÍS DE PUBLICACIÓN
País de publicación Colombia
090 ## - CLASIFICACIÓN LOCAL
Colección LB
Consecutivo 00939
100 ## - ASIENTO PRINCIPAL--NOMBRE PERSONAL
Nombre personal Hoyos Gómez, Ana Aracelly
245 ## - MENCION DE TITULO
Título Cacería, comunidades negras santa cecilia:
Parte restante del título Manejo de fauna silvestre en territorio de comunidades negras del Alto San Juan
260 ## - PUBLICACION, DISTRIBUCION, ETC. (PIE DE IMPRENTA)
Lugar de publicación, distribución, etc. Pereira
Nombre del editor, distribuidor, etc. CARDER
Fecha de publicación, distribución, etc. 1997
300 ## - DESCRIPCION FISICA
Extensión 70 p.
650 ## - ASIENTO SECUNDARIO DE MATERIA - TERMINO TEMATICO
Término temático o nombre geográfico como elemento de entrada Cacería
650 ## - ASIENTO SECUNDARIO DE MATERIA - TERMINO TEMATICO
Término temático o nombre geográfico como elemento de entrada Comunidades negras
650 ## - ASIENTO SECUNDARIO DE MATERIA - TERMINO TEMATICO
Término temático o nombre geográfico como elemento de entrada Etnozoología
650 ## - ASIENTO SECUNDARIO DE MATERIA - TERMINO TEMATICO
Término temático o nombre geográfico como elemento de entrada Impacto humano
650 ## - ASIENTO SECUNDARIO DE MATERIA - TERMINO TEMATICO
Término temático o nombre geográfico como elemento de entrada Extinciones locales
650 ## - ASIENTO SECUNDARIO DE MATERIA - TERMINO TEMATICO
Término temático o nombre geográfico como elemento de entrada Manejo sostenible
650 ## - ASIENTO SECUNDARIO DE MATERIA - TERMINO TEMATICO
Término temático o nombre geográfico como elemento de entrada Fauna silvestre
662 ## - ASIENTO SECUNDARIO DE MATERIA - JERARQUIA DEL NOMBRE DE LUGAR(
País o entidad mayor Colombia
Jurisdicción política intermedia Río San Juan
Jurisdicción política de primer orden Risaralda
700 ## - ASIENTO SECUNDARIO - NOMBRE PERSONAL
Nombre personal Agudelo de la Torre, Javier Enrique
700 ## - ASIENTO SECUNDARIO - NOMBRE PERSONAL
Nombre personal Espinosa Henao, Oscar Mauricio
700 ## - ASIENTO SECUNDARIO - NOMBRE PERSONAL
Nombre personal Bonilla Torres, Rocío
700 ## - ASIENTO SECUNDARIO - NOMBRE PERSONAL
Nombre personal Murillo Mosquera, Aristobulo
700 ## - ASIENTO SECUNDARIO - NOMBRE PERSONAL
Nombre personal Andrade Cárdenas, Cristina
700 ## - ASIENTO SECUNDARIO - NOMBRE PERSONAL
Nombre personal Serna Murillo, Francisco Antonio
700 ## - ASIENTO SECUNDARIO - NOMBRE PERSONAL
Nombre personal Hinestroza Palacio, Luis Antonio
700 ## - ASIENTO SECUNDARIO - NOMBRE PERSONAL
Nombre personal Rivas Barco, Marco Aurelio
942 ## - ELEMENTOS ADICIONALES (KOHA)
Tipo de ítem Informe Técnico
Sistema de clasificación Local
Existencias
Withdrawn status Lost status Sistema de Clasificación Damaged status No para préstamo Colección Inventariado Ubicación Permanente Ubicación actual Fecha de adquisición Fuente de Valor Total Checkouts Número topográfico Inventario / Código de Barras Date last seen Ejemplar Price effective from Forma de adquisición Tipo de material
    Local     General Inventariado 2017 Bogotá Bogotá 13/01/1999 Programa Becas   LB-00939 001320 04/12/2012 Ej. 1 04/12/2012   Informe Técnico